KOHA-Header-6

The Law of social security (Record no. 2897)

000 -LEADER
fixed length control field 00296nam a2200121Ia 4500
008 - FIXED-LENGTH DATA ELEMENTS--GENERAL INFORMATION
fixed length control field 190902s9999||||xx |||||||||||||| ||und||
020 ## - INTERNATIONAL STANDARD BOOK NUMBER
International Standard Book Number 0-07-212027-4
100 ## - MAIN ENTRY--PERSONAL NAME
Personal name Hamid Ali
245 #4 - TITLE STATEMENT
Title The Law of social security
260 ## - PUBLICATION, DISTRIBUTION, ETC. (IMPRINT)
Place of publication, distribution, etc karchi
Name of publisher, distributor, etc The Ideal Labour Laws
Date of publication, distribution, etc 2007
300 ## - PHYSICAL DESCRIPTION
Extent 281
942 ## - ADDED ENTRY ELEMENTS (KOHA)
Koha item type Books
Holdings
Withdrawn status Lost status Damaged status Not for loan Collection code Permanent Location Current Location Shelving location Date acquired Barcode Date last seen Price effective from Koha item type
        Law MAJU MAJU Shelf No.A46 2019-09-02 6566 2019-09-02 2019-09-02 Law

Powered by Koha